000 00862nam a22001697a 4500
999 _c22601
_d22601
003 BDDh-ASL
005 20231015030139.0
008 210301s1988 en ||||| |||| 00| 0 eng d
040 _cBDDh-ASL
082 _a363.9
_bJAW
100 1 _93275
_aJacobson, Jodi L.
245 1 0 _aWorldwatch Paper 86:
_bEnvironmental Refugees: A Yardstick of Habitability /
260 _aUSA:
_bWorldwatch Institute,
_c1988.
300 _a48 p.:
_c21 cm.
650 0 _aEnvironment, পরিবেশ, Paribēśa, Environmental Law, পরিবেশ আইন, Paribēśa ā'ina, পরিবেশ, পরিমণ্ডল, পারিপার্শ্বিক অবস্থা, বাতাবরণ, প্রতিবেশ conditions পরিবেশ ambience বাতাবরণ, পরিবেশ, আবহমণ্ডল
_xRefugee
_92993
942 _2ddc
_cBK